Java 2 programmer's interactive workbook

Saved in:
Bibliographic Details
Main Author: Chu
Format: Book
Published: New Jersey Prentice Hall PTR 2000
Tags: Add Tag
No Tags, Be the first to tag this record!
Call Number :QA 76.73.J38 C54 2000

MARC

LEADER 00000pam a2200000 4500
001 19235
003 MY-KLNDU
005 20241218061351.0
020 0 0 |a 0130166383 
035 |a 0000019219 
039 9 |y 200910091019  |z VLOAD 
090 0 0 |a QA 76.73.J38  |b C54 2000 
100 1 0 |a Chu  |h Kevin 
245 1 0 |a Java 2 programmer's interactive workbook  |c Kevin Chu and Eric Brower 
260 0 0 |a New Jersey  |b Prentice Hall PTR  |c 2000 
300 |a xvii,483p  |b ill  |c 24cm 
500 0 0 |a Includes index 
999 |a vtls000019184  |c 19235  |d 19235